Совершенствование подготовки учащихся и студентов в области графики, конструирования и стандартизации: Межвузовский научно-методический сборник

Podrobná bibliografie
Korporativní autor: Саратовский государственный технический университет (СГТУ)
Jazyk:ruština
Vydáno: Саратов, [Б. и.], 1999
Témata:
Médium: MixedMaterials Kniha
KOHA link:https://koha.lib.tpu.ru/cgi-bin/koha/opac-detail.pl?biblionumber=13364

MARC

LEADER 00000nam0a2200000 4500
001 13364
005 20231030184938.0
010 |a 5743305374 
035 |a (RuTPU)RU\TPU\book\13446 
035 |a BOOK00013513 
090 |a 13364 
100 |a 20011209d1999 k y0rusy50 ca 
101 0 |a rus 
102 |a RU 
105 |a y z 000zy 
200 1 |a Совершенствование подготовки учащихся и студентов в области графики, конструирования и стандартизации  |e Межвузовский научно-методический сборник  |f Сарат. гос. техн. ун-т 
210 |a Саратов  |c [Б. и.]  |d 1999 
215 |a 179 с. 
610 1 |a графика 
610 1 |a черчение 
610 1 |a инженерная графика 
610 1 |a компьютерная графика 
610 1 |a стандартизация 
610 1 |a конструирование 
610 1 |a обучение 
675 |a 744:621  |v 3 
675 |a 681.327.1  |v 3 
712 0 2 |a Саратовский государственный технический университет (СГТУ)  |c (1992- )  |2 stltpush  |3 (RuTPU)RU\TPU\col\95 
801 0 |a RU  |b 63413507  |c 20011209  |g PSBO 
801 2 |a RU  |b 63413507  |c 20071229  |g PSBO 
942 |c BK